[Event "NRW U25 op"]
[Site "Olpe"]
[Date "2005.10.03"]
[Round "6.6"]
[White "Drose, Daniela"]
[Black "Sammon, Michael"]
[Result "0-1"]
[WhiteElo "1590"]
[BlackElo "1797"]
[PlyCount "112"]
[EventDate "2005.10.01"]
[EventType "swiss"]
[EventRounds "7"]
[EventCountry "GER"]
[SourceTitle "CBM 108 Extra"]
[Source "ChessBase"]
[SourceDate "2005.11.04"]
[SourceVersion "1"]
[SourceVersionDate "2005.11.04"]
[SourceQuality "1"]

1. e4 c5 2. f4 d6 3. Nf3 Nc6 4. d3 Nf6 5. Be3 Qc7 6. Nc3 a6 7. a4 b6 8. Qd2 e6 9. d4 cxd4 10. Nxd4 Bb7 11. Bd3 Be7 12. h3 0-0 13. Qf2 Nd7 14. g4 Nb4 15. g5 Nc5 16. Rd1 f5 17. gxf6 Bxf6 18. Rg1 Qe7 19. Qg2 Bxd4 20. Bxd4 e5 21. fxe5 Nbxd3+ 22. cxd3 dxe5 23. Be3 Rf7 24. Bg5 Qe6 25. h4 Raf8 26. Be3 Qf6 27. Qg3 Rd7 28. Ke2 Qd6 29. Bxc5 Qxc5 30. Qg4 Qb4 31. Rd2 Rdf7 32. Qg5 Qd4 33. Kd1 Bc6 34. Kc1 Bxa4 35. Qg2 Bc6 36. Ne2 Qa4 37. Nc3 Qd4 38. Ne2 Qd6 39. Nc3 b5 40. Rdd1 b4 41. Ne2 Ba4 42. Rd2 Qc5+ 43. Kb1 Qe3 44. Nc1 b3 45. Rgd1 Rf2 46. Rxf2 Rxf2 47. Qg4 Qc5 48. Qe6+ Kh8 49. Qc4 Qxc4 50. dxc4 Kg8 51. Rd5 Rc2 52. Rxe5 Rxc4 53. Re6 Kf7 54. Rxa6 Rxe4 55. Rb6 Re1 56. Rb4 Bc6 0-1